000 01204nam a2200325 i 4500
003 EG-GICUC
005 20260225094836.0
008 251218s1995 ua ||||f |||| 000 0 ara d
040 _a EG-GICUC
_bara
_c EG-GICUC
_d EG-GICUC
_erda
041 _aara
082 0 4 _221
_a343.6
_bي س . أ
092 0 4 _221
099 _aLaw1 10 343.6 ي س . أ 1998
100 0 _aيسر انور علي
_eمؤلف.
245 1 0 _aأصول علمي الإجرام والعقاب.
_nالجزء الثاني,
_pعلم العقاب /
_cيسر أنور علي, أمال عبدالرحيم عثمان.
264 1 _aالقاهرة :
_bدون ناشر،
_c1995.
300 _a272 ؛ صفحة
_c24 سم.
336 _2rda content
_atext
337 _2rda media
_aComputer
338 _2rda carrier
_aOnline Resource
504 _a. 240-220 ببليوجرافيا: صفحات.
546 _aالنص باللغة العربية
650 1 4 _aعلم الإجرام
_2qrmak
650 1 4 _aعلم العقاب
_2qrmak
651 1 _2qrmak
700 _aأمال عبدالرحيم عثمان
_eمؤلف.
856 4 0 _uhttps://fll.law.cu.edu.eg/fulltext/bks/B10-07098.pdf
905 _a75
_eYara
942 _2ddc
_cBK
_e21
_n0
999 _c51705
_d51705